| 000 | 00621nam a22001937a 4500 | ||
|---|---|---|---|
| 005 | 20251108170551.0 | ||
| 008 | 250721s1998 xx 000 0 ara d | ||
| 082 | 1 | 4 | _a628.5/عبد |
| 100 | 1 | _aعبد الله، علي محمد علي | |
| 245 | 1 | 0 | _aالتلوث البيئي و الهندسة الوراثية / |
| 264 | 1 |
_aالقاهره : _bالهيئة المصرية العامة للكتاب، _c1998. |
|
| 300 | _a159ص | ||
| 490 | 0 |
_aسلسلة العلم و الحياة _v104 |
|
| 650 | 1 | 7 | _aالتلوث |
| 650 | 1 | 7 | _aالبيئة |
| 650 | 1 | 7 | _aصحة البيئة |
| 942 |
_2ddc _cBK |
||
| 999 |
_c43678 _d43678 |
||